المؤتمر الهندسي الدولي الرابع : (Record no. 29590)
[ view plain ]
| 000 -الفاتح | |
|---|---|
| حقل البيانات ثابتة الطول | 01245nam a22002537a 4500 |
| 003 - محدد رقم الضبط | |
| رقم الضبط | EG-ScBUE |
| 005 - وقت وتاريخ اخر تعامل مع التسجيلة | |
| رقم الضبط | 20211016122016.0 |
| 008 - عناصر البيانات ثابتة الطول - معلومات عامة | |
| حقل البيانات ثابتة الطول | 211016s2004 ua a f 100 0 ara d |
| 040 ## - مصدر الفهرسة | |
| وكالة الفهرسة الأصلية | EG-ScBUE |
| لغة الفهرسة | ara |
| قواعد الوصف | rda |
| وكالة النسخ | EG-ScBUE |
| وكالة التعديل | EG-ScBUE |
| 082 04 - رقم تصنيف ديوى العشرى | |
| رقم التصنيف | 620 |
| رقم المادة | م ؤ ت |
| رقم الطبعة | 22 |
| 111 2# - المدخل الرئيسى - اسم مؤتمر | |
| اسم المؤتمر أو اسم السلطة كمدخل | المؤتمر الهندسي الدولي |
| رقم جزء/قسم/الاجتماع | (4th : |
| تاريخ الاجتماع | 2004 : |
| موقع المؤتمر | المنصورة، شرم الشيخ) |
| 245 02 - بيان العنوان | |
| العنوان | المؤتمر الهندسي الدولي الرابع : |
| بقية العنوان | المنصورة-شرم الشيخ 20-22 إبريل 2004 = 4th International engineering conference : Mansoura-Sharm El-Shiekh April 20-22, 2004 : ورش العمل التي عقدت في إطار فاعليات المؤتمر. |
| 246 31 - العنوان الموازى | |
| عنوان صحيح/عنوان مختصر | 4th International engineering conference : |
| بقية العنوان | Mansoura-Sharm El-Shiekh April 20-22, 2004 |
| 264 #1 - النشر، التوزيع | |
| مكان الناشر او الموزع | المنصورة : |
| اسم الناشر او الموزع | جامعة المنصورة، كلية الهندسة، |
| تاريخ النشر أو التوزيع | 2004. |
| 300 ## - الوصف المادى | |
| التعداد | 144 صفحة : |
| تفاصيل ماديه اخرى للوعاء | إيضاحيات ؛ |
| أبعاد الوعاء | 24 سم |
| 336 ## - نوع المحتوى | |
| source | rdacontent |
| Carrier Type Term | نص |
| Content Type Code | txt |
| 337 ## - نوع الوسيط | |
| source | rdamedia |
| Media Type Term | بدون وسيط |
| Media Type Code | n |
| 338 ## - نوع الحامل أو الناقل | |
| source | rdacarrier |
| Carrier Type Term | مجلد |
| Carrier Type Code | nc |
| 541 ## - تبصرة المصدر المباشر للتزويد | |
| طريقة التزويد | إهداء. |
| 650 #7 - المدخل الاضافى بالموضوع-مصطلح موضوعى | |
| مصطلح موضوعي أو اسم جغرافي كعنصر مدخل | الهندسة |
| التقسيم الفرعي الشكلي | مؤتمرات وندوات. |
| مصدر الرأس أو المصطلح | BUEsh |
| 653 ## - مصطلح تكشيفى غير مقيد | |
| Resource For college | Generalities |
| Arrived date list | October2021 |
| 655 ## - مصطلح تكشيفى-نوع/شكل | |
| التقسيم الفرعي الشكلي | Reading book |
| -- | 34232 |
| 942 ## - عناصر المدخل الإضافي( كوها) | |
| مصدر التصنيف او مخطط الترفيف | Dewey Decimal Classification |
| حالة التراجع | حالة الفقد | مصدر التصنيف او خطة الترفيف | حالة تلف | ليس للاعارة | مجموعات كوها | المكان الدائم | المكان الحالي | موقع الترفيف | تاريخ الاكتساب | Source of acquisition | رقم الاستدعاء | الباركود | Date last seen | نوع الوعاء |
|---|---|---|---|---|---|---|---|---|---|---|---|---|---|---|
| Dewey Decimal Classification | Donation-Gift | Central Library | Central Library | First floor | 16/10/2021 | Donation | 620 م ؤ ت | 000050839 | 15/07/2025 | NB - Book (Non borrowing) | ||||
| Dewey Decimal Classification | Donation-Gift | Central Library | Central Library | First floor | 16/10/2021 | Donation | 620 م ؤ ت | 000050840 | 15/07/2025 | Book - Borrowing | ||||
| Dewey Decimal Classification | Donation-Gift | Central Library | Central Library | First floor | 16/10/2021 | Donation | 620 م ؤ ت | 000050841 | 15/07/2025 | Book - Borrowing |